书目信息 |
| 题名: |
物理学理论的目的和结构
|
|
| 作者: | 迪昂 著 | |
| 分册: | ||
| 出版信息: | 北京 华夏出版社 1999.01 |
|
| 页数: | 375页 | |
| 开本: | 32开 | |
| 丛书名: | ||
| 单 册: | ||
| 中图分类: | O41 | |
| 科图分类: | ||
| 主题词: | 理论物理学 | |
| 电子资源: | ||
| ISBN: | 7-5080-1674-2 | |
| 000 | 00574nam0 2200193 45 | |
| 001 | 0104091121 | |
| 005 | 20010409112115.6 | |
| 010 | @a7-5080-1674-2@d18.80元 | |
| 100 | @a20010409d1999 km y0chiy0120 ea | |
| 101 | 0 | @achi |
| 105 | @a z 000yy | |
| 200 | 1 | @a物理学理论的目的和结构@AWu Li Xue Li Lun De Mu Di He Jie Gou@f(法)迪昂著;李醒民译@F(Fa)Di Ang Zhu;Li Xing Min Yi |
| 210 | @a北京@c华夏出版社@d1999.01 | |
| 215 | @a375页@d32开 | |
| 606 | 0 | @a理论物理学 |
| 690 | @aO41@v3 | |
| 701 | 0 | @a迪昂@4著 |
| 801 | @aCN@bPftUser@c20010409 | |
| 905 | @b336553-554@dO41@eD.958@f2 | |
| 物理学理论的目的和结构/(法)迪昂著;李醒民译.-北京:华夏出版社,1999.01 |
| 375页;32开 |
| ISBN 7-5080-1674-2:18.80元 |
| ● |
| 相关链接 |
|
|
|
正题名:物理学理论的目的和结构
索取号:O41/D.958
 
预约/预借
| 序号 | 登录号 | 条形码 | 馆藏地/架位号 | 状态 | 备注 |
| 1 | 336553 | 203365535 | 自科库401/401自科库 57排1列3层/ [索取号:O41/D.958] | 在馆 | |
| 2 | 336554 | 203365544 | 自科库401/401自科库 57排1列3层/ [索取号:O41/D.958] | 在馆 |